000 00889nam a22002297a 4500
005 20170124110201.0
010 _aA-702201
020 _c190.00
_a8170187885
035 _aA-702201
037 _bCen Lib/Ret
040 _aDPL
_bEN
082 _a020
_bESP
100 _aEsperanza, Sister M.
_936073
245 _aPerspective of library movement in India /
_cby Sister M. Esperanza
_ban account of various facets and phases of Indian library movement and the work and contribution of Prof. P.N. Kaula, a tribute on his 71st birthday /
260 _bB.R. publishing corporation publishing
_aDelhi
_c1993
270 _a29/9, Nangia park
_bDelhi
_e110007
300 _axv,223p.
_c21cm(Hb)
500 _aIncludes appendix, bibliographical references and index
650 _aLibrary science
_936074
650 _aLibrary movement
_936075
942 _2ddc
_cEN
_h020
_mESP
999 _c132898
_d132898